01403nam a2200241Ia 4500001001100000003001000011008004100021040002500062041001300087100002200100245004100122250001100163260006700174300002700241500026400268501011400532520026400646650003400910942000700944957000600951999004200957952016200999L240-11924IT-CnALBA170116s9999||||xx |||||||||||||| ||und|| aIT-CnALBAcIT-CnALBA aITALIANO aQUADRUPANI-MIALHE 0aPER UNA VITA SERENA ED EQUILIBRATA.  a2a ed. aCINISELLO BALSAMO (MI)bEDIZIONI PAOLINEc1955 [1° Ed.: n.d.] a193 p. (prefazione: 5) aIDEALI LETTERA DEL CARDINAL VERDIER. GIUSTA MISURA DELLA VIRTÙ. FEDE OBBEDIENZA PREGHIERA. RICONCILIAZIONE COMUNIONE DOMENICA E FESTE. LETTURA SPIRITUALE. SPERANZA CRISTIANA. PRESENZA DI DIO. UMILTÀ RASSEGNAZIONE. TENTAZIONE SCRUPOLOSITA'. INQUIETUDINE TR aSocietà San Paolo EM - Piazza San Paolo, 14 - 12051 ALBA (CN) (non commercial uses only) ® Copyright 2017 aIDEALI LETTERA DEL CARDINAL VERDIER. GIUSTA MISURA DELLA VIRTÙ. FEDE OBBEDIENZA PREGHIERA. RICONCILIAZIONE COMUNIONE DOMENICA E FESTE. LETTURA SPIRITUALE. SPERANZA CRISTIANA. PRESENZA DI DIO. UMILTÀ RASSEGNAZIONE. TENTAZIONE SCRUPOLOSITA'. INQUIETUDINE TR aTEOLOGIA SPIRITUALE CRISTIANA cBK 71 a16677bNOg Copie: 1 c271101d271101 0010406L_2401192471aALBAbALBAd2017-01-16l0oL240-11924r2017-01-16 00:00:00w2017-01-16yBKz(data import: 16 gennaio 2017) - By Epidotti, Vaglietti.